=LDR 00000nam 2200000 4500 =001 INLIS000000000046721 =005 20150428154806.0 =006 =007 =008 =035 ##$$0010-041500000000203 =082 ##$$a 028/5 =090 ##$$a 028.5 mua b.4 =100 ##$$a ali muakh[r =245 ##$$a nabi sulaeman =260 ##$$a bumi akura gruop =300 ##$$a hln. 23 =850 ##$$a NPBMAT =990 ##$$a 0001/BPAP-NTB/20142015